000 00639nam a2200193 i 4500
001 162981
003 ES-MaACL
005 20230906212636.0
008 050706s1850 fr | |||||||| ||fre d
040 _aCAM
_bspa
_cCAM
100 1 _aRaudot.
_9131623
245 1 0 _aDe la décadence de la France /
_cpar Raudot (de L'yonne).
250 _a2e éd. augm.
260 _aParis :
_bAmyot,
_c1850 (
_fImprimerie de Crapelet)
300 _aIII, 150 p. ;
_c21 cm.
596 _aEl imp. consta en verso de la antep.
651 4 _aFrancia-
_xSituación social.
_98718
852 _aES-MaACL
_jT-615-F-4
_z-- Enc. hol.
_z-- Enc. en un vol. facticio
999 _c162981
_d162981